Service Operations Management. (Record no. 3002)

MARC details
000 -LEADER
fixed length control field 00567nam a22002057a 4500
003 - CONTROL NUMBER IDENTIFIER
control field OSt
005 - DATE AND TIME OF LATEST TRANSACTION
control field 20160209150002.0
008 - FIXED-LENGTH DATA ELEMENTS--GENERAL INFORMATION
fixed length control field 160209b xxu||||| |||| 00| 0 eng d
020 ## - INTERNATIONAL STANDARD BOOK NUMBER
International Standard Book Number 0273683675
040 ## - CATALOGING SOURCE
Transcribing agency DDC.
082 ## - DEWEY DECIMAL CLASSIFICATION NUMBER
Classification number 658JOH 2005
100 ## - MAIN ENTRY--PERSONAL NAME
Personal name Johnston,Robert;Clark,Graham.
9 (RLIN) 6744
245 ## - TITLE STATEMENT
Title Service Operations Management.
Remainder of title Improving Service Delivering.
250 ## - EDITION STATEMENT
Edition statement 2nd ed.
260 ## - PUBLICATION, DISTRIBUTION, ETC. (IMPRINT)
Place of publication, distribution, etc. England.
Name of publisher, distributor, etc. FT Prentice Hall.
Date of publication, distribution, etc. 2005.
300 ## - PHYSICAL DESCRIPTION
Extent Xix,496p;
Other physical details Col,ill;
Dimensions 26cm.
504 ## - BIBLIOGRAPHY, ETC. NOTE
Bibliography, etc includes index.
650 ## - SUBJECT ADDED ENTRY--TOPICAL TERM
Topical term or geographic name as entry element Management.
9 (RLIN) 364
942 ## - ADDED ENTRY ELEMENTS (KOHA)
Source of classification or shelving scheme Dewey Decimal Classification
Koha item type Short Loan
Holdings
Withdrawn status Lost status Source of classification or shelving scheme Damaged status Not for loan Home library Current library Date acquired Source of acquisition Inventory number Total Checkouts Full call number Barcode Date last seen Koha item type
    Dewey Decimal Classification     MUST Main Library MUST Main Library 09/02/2016 Purchase 06/27757   658 JOH 2005 2016-0133 09/02/2016 Short Loan
    Dewey Decimal Classification     MUST Main Library MUST Main Library 12/04/2016 Purchase 06/27758   658 JOH 2005 2016-0717 12/04/2016 Short Loan
    Dewey Decimal Classification     MUST Main Library MUST Main Library 13/04/2016 Purchase 06/27755   658 JOH 2005 2016-0852 13/04/2016 Short Loan
    Dewey Decimal Classification     MUST Main Library MUST Main Library 28/01/2020 Purchase 06/26453   658 JOH 2005 2020-0188 28/01/2020 Open Shelf